[Event "Quebec-ch sf"]
[Site "Montreal CAN"]
[Date "2005.06.11"]
[Round "3"]
[White "Sicotte, Marc"]
[Black "Keep, Richard"]
[Result "1-0"]
[WhiteElo "2012"]
[BlackElo "1564"]
[PlyCount "47"]
[GameId "2160767910968003"]
[EventDate "2005.06.10"]
[EventType "swiss"]
[EventRounds "5"]
[EventCountry "CAN"]
[SourceTitle "EXT 2007"]
[Source "ChessBase"]
[SourceDate "2006.11.23"]
[SourceVersion "1"]
[SourceVersionDate "2006.11.23"]
[SourceQuality "1"]

1. e4 c6 2. Nc3 d5 3. Nf3 dxe4 4. Nxe4 Bg4 5. Bc4 e6 6. h3 Bxf3 7. Qxf3 Nd7 8. Bb3 Ngf6 9. d3 Be7 10. Bf4 Qa5+ 11. c3 Nxe4 12. dxe4 Qa6 13. O-O-O Nc5 14. Qg3 Nxe4 15. Qxg7 Bf6 16. Qh6 Bxc3 17. bxc3 Nxc3 18. Qf6 Ne2+ 19. Kb2 Nxf4 20. Qxh8+ Ke7 21. Qxa8 Qe2+ 22. Kc1 Nd3+ 23. Rxd3 Qxd3 24. Qxb7+ 1-0

[Event "Quebec-ch sf"]
[Site "Montreal CAN"]
[Date "2005.06.12"]
[Round "4"]
[White "Bekteshi, Muhamet"]
[Black "Benoit-Deschamps, Jean-Marc"]
[Result "1-0"]
[WhiteElo "2164"]
[BlackElo "1873"]
[PlyCount "45"]
[GameId "2160767910968004"]
[EventDate "2005.06.10"]
[EventType "swiss"]
[EventRounds "5"]
[EventCountry "CAN"]
[SourceTitle "EXT 2007"]
[Source "ChessBase"]
[SourceDate "2006.11.23"]
[SourceVersion "1"]
[SourceVersionDate "2006.11.23"]
[SourceQuality "1"]

1. d4 Nf6 2. Nf3 e6 3. c4 c5 4. e3 d5 5. Nc3 Nc6 6. cxd5 exd5 7. Be2 cxd4 8. Nxd4 Bc5 9. O-O Bxd4 10. exd4 Qb6 11. Bg5 Be6 12. Bxf6 gxf6 13. Bb5 Rg8 14. Re1 O-O-O 15. Bxc6 bxc6 16. Na4 Qc7 17. Rc1 Bh3 18. g3 f5 19. Re3 Rg6 20. Qe2 f4 21. Qa6+ Kb8 22. Rb3+ Ka8 23. Nb6+ 1-0

[Event "Quebec-ch sf"]
[Site "Montreal CAN"]
[Date "2005.06.12"]
[Round "4"]
[White "Forget, Luc"]
[Black "Audet-Bouchard, Nicolas"]
[Result "0-1"]
[WhiteElo "1921"]
[BlackElo "2126"]
[PlyCount "74"]
[GameId "2160767910968005"]
[EventDate "2005.06.10"]
[EventType "swiss"]
[EventRounds "5"]
[EventCountry "CAN"]
[SourceTitle "EXT 2007"]
[Source "ChessBase"]
[SourceDate "2006.11.23"]
[SourceVersion "1"]
[SourceVersionDate "2006.11.23"]
[SourceQuality "1"]

1. d4 Nf6 2. c4 e6 3. g3 c5 4. d5 exd5 5. cxd5 b5 6. Bg2 d6 7. a4 b4 8. b3 g6 9. Bb2 Bg7 10. Nd2 O-O 11. Nc4 Re8 12. Nh3 Ba6 13. Rc1 Nbd7 14. e3 Nb6 15. Nxb6 axb6 16. Bf1 Qd7 17. Bxa6 Qxh3 18. Bf1 Qf5 19. Bxf6 Bxf6 20. Bb5 Bc3+ 21. Rxc3 bxc3 22. Bxe8 Rxe8 23. O-O Re5 24. Qc1 c2 25. f3 Qd3 26. e4 Qxb3 27. Rf2 Qxa4 28. Rxc2 b5 29. Qd2 Re8 30. Ra2 Qb3 31. Kg2 b4 32. Ra7 Kg7 33. h4 h5 34. Rb7 Ra8 35. Qf4 Qb2+ 36. Kh3 Qf6 37. e5 dxe5 0-1

[Event "Quebec-ch sf"]
[Site "Montreal CAN"]
[Date "2005.06.12"]
[Round "4"]
[White "Fournier, Christian"]
[Black "Dupont, Alain"]
[Result "1-0"]
[WhiteElo "1499"]
[BlackElo "1731"]
[PlyCount "93"]
[GameId "2160767910968006"]
[EventDate "2005.06.10"]
[EventType "swiss"]
[EventRounds "5"]
[EventCountry "CAN"]
[SourceTitle "EXT 2007"]
[Source "ChessBase"]
[SourceDate "2006.11.23"]
[SourceVersion "1"]
[SourceVersionDate "2006.11.23"]
[SourceQuality "1"]

1. e4 e6 2. d4 d5 3. exd5 exd5 4. Bd3 Bd6 5. Ne2 Nf6 6. Bf4 Bg4 7. f3 Bh5 8. c3 Qe7 9. Bxd6 Qxd6 10. Nd2 Nbd7 11. Qb3 O-O-O 12. O-O-O Bg6 13. Bxg6 hxg6 14. Ng3 Rde8 15. c4 dxc4 16. Qxc4 Qd5 17. h3 Re6 18. Kb1 Nb6 19. Qxd5 Nfxd5 20. Nde4 Ne3 21. Rd2 Nbd5 22. Ng5 Re7 23. Rc1 Rhe8 24. N3e4 Kb8 25. Nc5 b6 26. Nd3 f6 27. Ne4 Kb7 28. b4 a6 29. a4 Nf5 30. g4 Nfe3 31. Rb2 Rh8 32. Rh2 g5 33. a5 Rd8 34. h4 Nf4 35. Nxf4 gxf4 36. Rd2 Red7 37. axb6 cxb6 38. h5 Rxd4 39. Rh2 Rd1 40. Rf2 R8d4 41. Rxd1 Nxd1 42. Rd2 Nc3+ 43. Kc2 Rxd2+ 44. Kxd2 Nxe4+ 45. fxe4 Kc6 46. e5 fxe5 47. g5 1-0

[Event "Quebec-ch sf"]
[Site "Montreal CAN"]
[Date "2005.06.12"]
[Round "4"]
[White "Lemire-Paquin, Alexandre"]
[Black "Duchesneau, Alain"]
[Result "1-0"]
[WhiteElo "1929"]
[BlackElo "1659"]
[PlyCount "63"]
[GameId "2160767910968007"]
[EventDate "2005.06.10"]
[EventType "swiss"]
[EventRounds "5"]
[EventCountry "CAN"]
[SourceTitle "EXT 2007"]
[Source "ChessBase"]
[SourceDate "2006.11.23"]
[SourceVersion "1"]
[SourceVersionDate "2006.11.23"]
[SourceQuality "1"]

1. d4 Nf6 2. c4 d6 3. Nc3 g6 4. e4 Bg7 5. h3 O-O 6. Bg5 c5 7. d5 a6 8. a4 Qa5 9. Bd2 Nbd7 10. Nf3 Qc7 11. Bd3 Re8 12. O-O e6 13. Bf4 exd5 14. exd5 Nh5 15. Bh2 Ne5 16. Nxe5 Bxe5 17. Bxe5 Rxe5 18. Qd2 Bd7 19. f4 Ree8 20. g4 Ng7 21. Ne4 f5 22. Nf6+ Kf7 23. Nxe8 Rxe8 24. g5 b5 25. axb5 axb5 26. b3 Nh5 27. Rfe1 Rb8 28. Ra6 bxc4 29. Bxc4 Ng3 30. Rea1 Rb7 31. Qb2 Ne4 32. Qh8 1-0

[Event "Quebec-ch sf"]
[Site "Montreal CAN"]
[Date "2005.06.12"]
[Round "4"]
[White "Liard, Serge"]
[Black "Larochelle, Martial"]
[Result "0-1"]
[WhiteElo "1957"]
[BlackElo "2174"]
[PlyCount "112"]
[GameId "2160767910968008"]
[EventDate "2005.06.10"]
[EventType "swiss"]
[EventRounds "5"]
[EventCountry "CAN"]
[SourceTitle "EXT 2007"]
[Source "ChessBase"]
[SourceDate "2006.11.23"]
[SourceVersion "1"]
[SourceVersionDate "2006.11.23"]
[SourceQuality "1"]

1. e4 c5 2. Nf3 d6 3. c4 e5 4. h3 Nc6 5. d3 g6 6. Nc3 Bg7 7. Bg5 f6 8. Bd2 Nge7 9. Qc1 O-O 10. Bh6 Nd4 11. Nxd4 cxd4 12. Bxg7 Kxg7 13. Nb1 Be6 14. Be2 Qd7 15. Nd2 Rac8 16. Qd1 Ng8 17. b3 f5 18. g4 fxg4 19. hxg4 Qf7 20. O-O Qf4 21. Kg2 Nf6 22. f3 h5 23. Nb1 h4 24. Qe1 h3+ 25. Kh1 Nh7 26. Qd2 Qf6 27. Na3 a6 28. Nc2 Ng5 29. f4 exf4 30. Bf3 Nxf3 31. Rxf3 Bxg4 32. Rff1 Rc5 33. Qf2 Rg5 34. Rg1 Bd7 35. Qxd4 Qxd4 36. Nxd4 Rg3 37. Rad1 g5 38. Kh2 Rxg1 39. Rxg1 Kh6 40. Nf5+ Bxf5 41. exf5 Rxf5 42. Kxh3 Re5 43. Kg4 Kg6 44. Rg2 Re3 45. d4 Rd3 46. d5 a5 47. Rg1 Rd2 48. Re1 Rg2+ 49. Kf3 Rg3+ 50. Kf2 Kf5 51. Re7 Rc3 52. Rxb7 Rc2+ 53. Kf1 g4 54. Re7 f3 55. Rf7+ Ke4 56. Rg7 Kf4 0-1

[Event "Quebec-ch sf"]
[Site "Montreal CAN"]
[Date "2005.06.12"]
[Round "4"]
[White "Malveau, Cedric"]
[Black "Keep, Richard"]
[Result "1/2-1/2"]
[WhiteElo "2012"]
[BlackElo "1564"]
[PlyCount "64"]
[GameId "2160767910968009"]
[EventDate "2005.06.10"]
[EventType "swiss"]
[EventRounds "5"]
[EventCountry "CAN"]
[SourceTitle "EXT 2007"]
[Source "ChessBase"]
[SourceDate "2006.11.23"]
[SourceVersion "1"]
[SourceVersionDate "2006.11.23"]
[SourceQuality "1"]

1. d4 Nf6 2. c4 e6 3. Nf3 b6 4. Bg5 h6 5. Bh4 Bb7 6. a3 Be7 7. Nc3 O-O 8. e3 Ne4 9. Bxe7 Qxe7 10. Bd3 f5 11. Qc2 d5 12. cxd5 exd5 13. O-O Nd7 14. Qb3 Nxc3 15. Qxc3 c5 16. Bb5 Rac8 17. Bxd7 Qxd7 18. Ne5 Qd6 19. Qb3 Kh7 20. f4 a5 21. Rf3 c4 22. Qc3 Bc6 23. h3 Be8 24. g4 Rc7 25. Rc1 a4 26. Rc2 b5 27. Rg2 Rb7 28. g5 b4 29. axb4 Qxb4 30. Qxb4 Rxb4 31. gxh6 g6 32. Rff2 Rf6 1/2-1/2

[Event "Quebec-ch sf"]
[Site "Montreal CAN"]
[Date "2005.06.12"]
[Round "4"]
[White "Masse, Hugues"]
[Black "Sicotte, Marc"]
[Result "1/2-1/2"]
[WhiteElo "2281"]
[BlackElo "2012"]
[PlyCount "117"]
[GameId "2160767910968010"]
[EventDate "2005.06.10"]
[EventType "swiss"]
[EventRounds "5"]
[EventCountry "CAN"]
[SourceTitle "EXT 2007"]
[Source "ChessBase"]
[SourceDate "2006.11.23"]
[SourceVersion "1"]
[SourceVersionDate "2006.11.23"]
[SourceQuality "1"]

1. d4 d5 2. c4 dxc4 3. Nf3 Nf6 4. e3 e6 5. Bxc4 c5 6. O-O Nc6 7. Qe2 a6 8. a4 Be7 9. Rd1 Qc7 10. dxc5 Bxc5 11. Nc3 O-O 12. h3 e5 13. e4 h6 14. Ba2 Re8 15. Be3 Bxe3 16. Qxe3 Nb4 17. Bb3 Be6 18. Bxe6 Rxe6 19. Nd5 Nfxd5 20. exd5 Rd6 21. Qxe5 Qd7 22. Rd4 Nc2 23. Rad1 Nxd4 24. Qxd4 f6 25. Nh4 Rd8 26. Ng6 Qf7 27. Qe4 Re8 28. Qf5 Qd7 29. Qf4 Kh7 30. Qg3 Rxd5 31. Rxd5 Qxd5 32. Nf4 Re1+ 33. Kh2 Qf5 34. Qf3 Re4 35. g3 g5 36. Qh5 Re7 37. h4 Qc2 38. hxg5 fxg5 39. Nh3 Qf5 40. Qd1 Rd7 41. Qe2 Qd3 42. Qe6 Qd5 43. Qe2 b5 44. axb5 axb5 45. Qc2+ Qd3 46. Qc5 Rf7 47. Qe5 b4 48. Qe6 Rd7 49. Qe5 b3 50. Qe6 Qd5 51. Qe3 Kg7 52. Kg1 Kf7 53. Kh2 Qd1 54. Qe4 Qd3 55. Qc6 Kg7 56. Qe6 Kh7 57. Kg1 Rc7 58. Qe5 Rc1+ 59. Kh2 1/2-1/2

[Event "Quebec-ch sf"]
[Site "Montreal CAN"]
[Date "2005.06.12"]
[Round "4"]
[White "Pepin, Christian"]
[Black "Gacogne, Charlie"]
[Result "0-1"]
[WhiteElo "1998"]
[BlackElo "1903"]
[PlyCount "68"]
[GameId "2160767910968011"]
[EventDate "2005.06.10"]
[EventType "swiss"]
[EventRounds "5"]
[EventCountry "CAN"]
[SourceTitle "EXT 2007"]
[Source "ChessBase"]
[SourceDate "2006.11.23"]
[SourceVersion "1"]
[SourceVersionDate "2006.11.23"]
[SourceQuality "1"]

1. e4 d6 2. d4 Nf6 3. Nc3 Nbd7 4. Nf3 e5 5. dxe5 dxe5 6. Bc4 Be7 7. O-O O-O 8. h3 c6 9. a4 b6 10. Qe2 Qc7 11. Nh4 Nc5 12. Nf5 Be6 13. b4 Bxc4 14. Qxc4 Ne6 15. Ba3 Rad8 16. Nxe7+ Qxe7 17. Rfd1 Rfe8 18. Ne2 Rxd1+ 19. Rxd1 Rd8 20. Rd3 Rxd3 21. cxd3 Qd7 22. Bb2 Qd6 23. f4 Nd7 24. f5 Nc7 25. d4 b5 26. axb5 cxb5 27. Qc3 f6 28. Qb3+ Kf8 29. d5 g6 30. Qg3 Kg7 31. Nd4 Qb6 32. Kf1 exd4 33. Bxd4 Qxd4 34. Qxc7 Qc4+ 0-1

[Event "Quebec-ch sf"]
[Site "Montreal CAN"]
[Date "2005.06.12"]
[Round "4"]
[White "Ramaswamy, Kishor"]
[Black "Bachand-Fleurent, Julien"]
[Result "0-1"]
[WhiteElo "2071"]
[BlackElo "2243"]
[PlyCount "86"]
[GameId "2160767910968012"]
[EventDate "2005.06.10"]
[EventType "swiss"]
[EventRounds "5"]
[EventCountry "CAN"]
[SourceTitle "EXT 2007"]
[Source "ChessBase"]
[SourceDate "2006.11.23"]
[SourceVersion "1"]
[SourceVersionDate "2006.11.23"]
[SourceQuality "1"]

1. d4 d5 2. Nf3 c6 3. Bf4 Nf6 4. e3 Bf5 5. c4 e6 6. Nc3 Nbd7 7. Qb3 Qb6 8. c5 Qxb3 9. axb3 a6 10. b4 Rc8 11. h3 h6 12. Nd2 Be7 13. Nb3 Bd8 14. Bd6 Bc7 15. Bxc7 Rxc7 16. b5 O-O 17. bxa6 bxa6 18. Rxa6 Rb8 19. Na5 Rxb2 20. Nxc6 Ne4 21. Ne7+ Kh7 22. Nxf5 Nxc3 23. Nd6 e5 24. c6 Nb8 25. Ra1 exd4 26. Bd3+ g6 27. exd4 Re7+ 28. Kf1 Nxc6 29. g3 Nxd4 30. Rc1 Na2 31. Rd1 Re6 32. Nxf7 Rf6 33. Ne5 Rfxf2+ 34. Kg1 Nf3+ 35. Nxf3 Rxf3 36. Rh2 Rxg3+ 37. Kh1 Rxh2+ 38. Kxh2 Re3 39. Bf1 Nc3 40. Rd2 Kg7 41. Bg2 Re5 42. h4 Kf6 43. Bh3 Re2+ 0-1

[Event "Quebec-ch sf"]
[Site "Montreal CAN"]
[Date "2005.06.12"]
[Round "4"]
[White "Tomb, Maroun"]
[Black "Libersan, Thierry"]
[Result "0-1"]
[WhiteElo "2164"]
[BlackElo "2086"]
[PlyCount "86"]
[GameId "2160767910968013"]
[EventDate "2005.06.10"]
[EventType "swiss"]
[EventRounds "5"]
[EventCountry "CAN"]
[SourceTitle "EXT 2007"]
[Source "ChessBase"]
[SourceDate "2006.11.23"]
[SourceVersion "1"]
[SourceVersionDate "2006.11.23"]
[SourceQuality "1"]

1. c4 Nf6 2. Nc3 g6 3. Nf3 Bg7 4. g3 O-O 5. Bg2 d6 6. O-O e5 7. d4 Nbd7 8. b3 Re8 9. Bb2 c6 10. dxe5 dxe5 11. e4 Bf8 12. Qe2 Qc7 13. Rfd1 Bc5 14. Na4 Be7 15. Rac1 b6 16. Rc2 Bf8 17. Nc3 a5 18. a3 Nc5 19. b4 axb4 20. axb4 Nb3 21. b5 Bg4 22. Nb1 Nd4 23. Bxd4 exd4 24. Rxd4 Bc5 25. Rd1 Nxe4 26. Qf1 h5 27. Nc3 Nxc3 28. Rxc3 cxb5 29. Rc2 Ra3 30. Rd3 b4 31. Ng5 Rxd3 32. Qxd3 Re1+ 33. Bf1 Bf5 34. Qd2 Bxc2 35. Qxe1 Qe7 36. Qd2 b3 37. Bg2 Bb4 38. Qf4 b2 39. Bd5 b1=Q+ 40. Kg2 Kg7 41. Nxf7 Be4+ 42. f3 Qb2+ 43. Kh3 Bxd5 0-1

[Event "Quebec-ch sf"]
[Site "Montreal CAN"]
[Date "2005.06.12"]
[Round "4"]
[White "Ye, Ling Feng"]
[Black "Robidas, Francois"]
[Result "0-1"]
[WhiteElo "1883"]
[BlackElo "2007"]
[PlyCount "74"]
[GameId "2160767910968014"]
[EventDate "2005.06.10"]
[EventType "swiss"]
[EventRounds "5"]
[EventCountry "CAN"]
[SourceTitle "EXT 2007"]
[Source "ChessBase"]
[SourceDate "2006.11.23"]
[SourceVersion "1"]
[SourceVersionDate "2006.11.23"]
[SourceQuality "1"]

1. e4 Nf6 2. e5 Nd5 3. d4 d6 4. c4 Nb6 5. f4 dxe5 6. fxe5 Nc6 7. Be3 Bf5 8. Nf3 e6 9. Be2 Be7 10. Nc3 O-O 11. O-O f6 12. exf6 Bxf6 13. Qd2 Qd7 14. Rad1 Rad8 15. Qc1 Qe7 16. d5 Ne5 17. Nb5 exd5 18. cxd5 Ng4 19. Bxb6 Qxe2 20. Nbd4 Qa6 21. Bc5 Bd3 22. Bxf8 Bxf1 23. Rxf1 Rxf8 24. Ne6 Qb6+ 25. Qc5 Qxc5+ 26. Nxc5 Rd8 27. Rd1 Ne3 28. Rd3 Rxd5 29. Rxd5 Nxd5 30. b3 Nc3 31. Nxb7 Nxa2 32. Na5 Nc1 33. Nc6 Nxb3 34. Nxa7 Nd4 35. Kf2 Kf7 36. Ke3 Nxf3 37. Kxf3 Ke6 0-1

[Event "Quebec-ch sf"]
[Site "Montreal CAN"]
[Date "2005.06.12"]
[Round "5"]
[White "Audet-Bouchard, Nicolas"]
[Black "Larochelle, Martial"]
[Result "1-0"]
[WhiteElo "2136"]
[BlackElo "2174"]
[PlyCount "73"]
[GameId "2160767910968015"]
[EventDate "2005.06.10"]
[EventType "swiss"]
[EventRounds "5"]
[EventCountry "CAN"]
[SourceTitle "EXT 2007"]
[Source "ChessBase"]
[SourceDate "2006.11.23"]
[SourceVersion "1"]
[SourceVersionDate "2006.11.23"]
[SourceQuality "1"]

1. e4 c5 2. Nf3 d6 3. d4 cxd4 4. Nxd4 Nf6 5. Nc3 a6 6. Be3 e5 7. Nb3 Be6 8. Qd2 Be7 9. f3 Nbd7 10. O-O-O Rc8 11. g4 Nb6 12. g5 Nh5 13. Kb1 O-O 14. f4 Nxf4 15. Bxf4 exf4 16. h4 Qd7 17. Qxf4 Rxc3 18. bxc3 Na4 19. Qe3 Rc8 20. c4 b5 21. c5 Qc7 22. Bh3 dxc5 23. Bxe6 Qe5 24. c3 fxe6 25. Rd7 Nxc3+ 26. Kc2 Nd5 27. Qe1 Nb4+ 28. Kb1 Bf8 29. Rf1 c4 30. Nd4 Nd3 31. Qe2 Nc5 32. Nc6 Qc3 33. Ne7+ Bxe7 34. Rxe7 Nd3 35. Rd7 b4 36. Qc2 Qe5 37. Rxd3 1-0

[Event "Quebec-ch sf"]
[Site "Montreal CAN"]
[Date "2005.06.12"]
[Round "5"]
[White "Duchesneau, Alain"]
[Black "Fournier, Christian"]
[Result "0-1"]
[WhiteElo "1659"]
[BlackElo "1499"]
[PlyCount "82"]
[GameId "2160767910968016"]
[EventDate "2005.06.10"]
[EventType "swiss"]
[EventRounds "5"]
[EventCountry "CAN"]
[SourceTitle "EXT 2007"]
[Source "ChessBase"]
[SourceDate "2006.11.23"]
[SourceVersion "1"]
[SourceVersionDate "2006.11.23"]
[SourceQuality "1"]

1. d4 e6 2. Nf3 b6 3. Bf4 Bb7 4. e3 Nf6 5. Bd3 c5 6. O-O d5 7. c3 c4 8. Bc2 a6 9. Nbd2 Bd6 10. Bxd6 Qxd6 11. Ne5 Nc6 12. f4 b5 13. Rf3 Ne7 14. Rh3 Ne4 15. Nxe4 dxe4 16. Qg4 Nf5 17. Qh5 g6 18. Qg5 Qe7 19. g4 Qxg5 20. fxg5 Nd6 21. Rf1 Ke7 22. Rf4 Raf8 23. Rh6 Bd5 24. Kf2 f6 25. gxf6+ Rxf6 26. Rxf6 Kxf6 27. h4 Kg7 28. g5 Nf5 29. Nd7 Nxh6 30. gxh6+ Kxh6 31. Nc5 a5 32. Nxe4 Bxe4 33. Bxe4 g5 34. hxg5+ Kxg5 35. Bc6 Rb8 36. Kf3 b4 37. Ke4 h5 38. Ke5 h4 39. Kxe6 Rb6 40. Kd7 Rxc6 41. Kxc6 h3 0-1

[Event "Quebec-ch sf"]
[Site "Montreal CAN"]
[Date "2005.06.12"]
[Round "5"]
[White "Keep, Richard"]
[Black "Benoit-Deschamps, Jean-Marc"]
[Result "0-1"]
[WhiteElo "1564"]
[BlackElo "1873"]
[PlyCount "60"]
[GameId "2160767910968017"]
[EventDate "2005.06.10"]
[EventType "swiss"]
[EventRounds "5"]
[EventCountry "CAN"]
[SourceTitle "EXT 2007"]
[Source "ChessBase"]
[SourceDate "2006.11.23"]
[SourceVersion "1"]
[SourceVersionDate "2006.11.23"]
[SourceQuality "1"]

1. e4 c5 2. Bc4 d6 3. d3 Nc6 4. Nc3 g6 5. f4 e6 6. Nf3 Bg7 7. Be3 Nd4 8. Bxd4 cxd4 9. Ne2 Qb6 10. O-O Ne7 11. Qd2 Bd7 12. Kh1 Bc6 13. Ng3 Qxb2 14. Rfb1 Qc3 15. a4 Qxd2 16. Nxd2 Kd7 17. Bb5 Rhc8 18. Nc4 Rc7 19. a5 Bxb5 20. Rxb5 d5 21. Ne5+ Bxe5 22. fxe5 Rac8 23. Rab1 Rxc2 24. Rxb7+ R8c7 25. a6 Ra2 26. Rxc7+ Kxc7 27. Rb7+ Kd8 28. h3 Rxa6 29. Ne2 dxe4 30. Nxd4 exd3 0-1

[Event "Quebec-ch sf"]
[Site "Montreal CAN"]
[Date "2005.06.12"]
[Round "5"]
[White "Lemire-Paquin, Alexandre"]
[Black "Malveau, Cedric"]
[Result "1/2-1/2"]
[WhiteElo "1929"]
[BlackElo "2012"]
[PlyCount "79"]
[GameId "2160767910968018"]
[EventDate "2005.06.10"]
[EventType "swiss"]
[EventRounds "5"]
[EventCountry "CAN"]
[SourceTitle "EXT 2007"]
[Source "ChessBase"]
[SourceDate "2006.11.23"]
[SourceVersion "1"]
[SourceVersionDate "2006.11.23"]
[SourceQuality "1"]

1. d4 Nf6 2. c4 e6 3. Nf3 Bb4+ 4. Bd2 Qe7 5. a3 Bxd2+ 6. Nbxd2 d6 7. e4 e5 8. d5 O-O 9. Bd3 a5 10. b4 Nbd7 11. O-O b6 12. Qc2 Bb7 13. Rfc1 Ra7 14. Bf1 Rfa8 15. Qb2 Qf8 16. g3 Qb8 17. Bh3 axb4 18. axb4 Ra4 19. Ne1 Nf8 20. f3 Bc8 21. Bxc8 Qxc8 22. Kg2 N8d7 23. Rxa4 Rxa4 24. Ra1 Qa6 25. Rxa4 Qxa4 26. Nc2 Kf8 27. Qb3 Qxb3 28. Nxb3 Nb8 29. c5 bxc5 30. bxc5 dxc5 31. Nxc5 Ke7 32. Ne3 g6 33. Nc4 Nfd7 34. Nd3 f6 35. f4 exf4 36. gxf4 Na6 37. e5 Ndc5 38. Nxc5 Nxc5 39. Kf3 Nd3 40. Ke3 1/2-1/2

[Event "Quebec-ch sf"]
[Site "Montreal CAN"]
[Date "2005.06.12"]
[Round "5"]
[White "Libersan, Thierry"]
[Black "Ye, Ling Feng"]
[Result "0-1"]
[WhiteElo "2086"]
[BlackElo "1883"]
[PlyCount "54"]
[GameId "2160767910968019"]
[EventDate "2005.06.10"]
[EventType "swiss"]
[EventRounds "5"]
[EventCountry "CAN"]
[SourceTitle "EXT 2007"]
[Source "ChessBase"]
[SourceDate "2006.11.23"]
[SourceVersion "1"]
[SourceVersionDate "2006.11.23"]
[SourceQuality "1"]

1. e4 c5 2. Nf3 e6 3. d4 cxd4 4. Nxd4 Nf6 5. Nc3 d6 6. Be3 a6 7. f3 Nbd7 8. g4 h6 9. Qd2 b5 10. O-O-O Bb7 11. h4 b4 12. Nce2 d5 13. Bh3 dxe4 14. g5 exf3 15. Nf4 Ne4 16. Ndxe6 fxe6 17. Nxe6 Nxd2 18. Nxd8 Rxd8 19. Rxd2 Nc5 20. Rxd8+ Kxd8 21. Rd1+ Kc7 22. Bf4+ Kb6 23. Rd8 hxg5 24. Bxg5 Ne4 25. Be7 Bxe7 26. Rxh8 f2 27. Rh5 Ng3 0-1

[Event "Quebec-ch sf"]
[Site "Montreal CAN"]
[Date "2005.06.12"]
[Round "5"]
[White "Masse, Hugues"]
[Black "Ramaswamy, Kishor"]
[Result "1-0"]
[WhiteElo "2281"]
[BlackElo "2071"]
[PlyCount "75"]
[GameId "2160767910968020"]
[EventDate "2005.06.10"]
[EventType "swiss"]
[EventRounds "5"]
[EventCountry "CAN"]
[SourceTitle "EXT 2007"]
[Source "ChessBase"]
[SourceDate "2006.11.23"]
[SourceVersion "1"]
[SourceVersionDate "2006.11.23"]
[SourceQuality "1"]

1. d4 d5 2. c4 e6 3. Nc3 Nf6 4. Nf3 Nbd7 5. Bf4 c6 6. e3 Be7 7. Rc1 O-O 8. Qc2 Re8 9. h3 dxc4 10. Bxc4 b5 11. Bd3 Bb7 12. O-O a6 13. e4 g6 14. e5 Nh5 15. Bh2 c5 16. Be4 Qb8 17. d5 Ng7 18. d6 Bf8 19. Bxb7 Qxb7 20. Ne4 Rac8 21. g4 Red8 22. Bg3 Ne8 23. Bh4 f6 24. exf6 Nxd6 25. f7+ Kxf7 26. Bxd8 Nxe4 27. Qxe4 Qxe4 28. Ng5+ Ke8 29. Nxe4 Rxd8 30. b3 Rc8 31. Rc2 Ne5 32. Rd1 c4 33. f4 Nd3 34. Rxd3 Bc5+ 35. Kf1 cxd3 36. Rxc5 Rd8 37. Ke1 Rd4 38. Re5 1-0

[Event "Quebec-ch sf"]
[Site "Montreal CAN"]
[Date "2005.06.12"]
[Round "5"]
[White "Pepin, Christian"]
[Black "Tomb, Maroun"]
[Result "1-0"]
[WhiteElo "1998"]
[BlackElo "2164"]
[PlyCount "93"]
[GameId "2160767910968021"]
[EventDate "2005.06.10"]
[EventType "swiss"]
[EventRounds "5"]
[EventCountry "CAN"]
[SourceTitle "EXT 2007"]
[Source "ChessBase"]
[SourceDate "2006.11.23"]
[SourceVersion "1"]
[SourceVersionDate "2006.11.23"]
[SourceQuality "1"]

1. e4 c5 2. Nf3 Nc6 3. c3 Nf6 4. Qc2 d6 5. d4 e5 6. dxe5 dxe5 7. Bg5 Be7 8. Nbd2 Qc7 9. Bc4 O-O 10. Bxf6 Bxf6 11. Bd5 Be6 12. Rd1 Rad8 13. Nc4 Ne7 14. Bxe6 Rxd1+ 15. Qxd1 fxe6 16. Qd6 Qxd6 17. Nxd6 Rb8 18. Nc4 Nc6 19. a4 a6 20. a5 Re8 21. Ke2 Bd8 22. Ra1 Bc7 23. Nfd2 Nb8 24. Nb3 Nd7 25. Rd1 Re7 26. Nd6 Bxd6 27. Rxd6 Kf8 28. f3 Ke8 29. Kd3 Kd8 30. Nxc5 Kc7 31. Rxd7+ Rxd7+ 32. Nxd7 Kxd7 33. Kc4 Kc6 34. h4 Kd6 35. b4 Kc6 36. Kb3 Kb5 37. c4+ Kc6 38. Kc3 Kd6 39. Kd3 Kc6 40. Ke3 Kd6 41. f4 exf4+ 42. Kxf4 Ke7 43. Ke5 Kd7 44. b5 Ke7 45. bxa6 bxa6 46. c5 Kd7 47. c6+ 1-0

[Event "Quebec-ch sf"]
[Site "Montreal CAN"]
[Date "2005.06.12"]
[Round "5"]
[White "Robidas, Francois"]
[Black "Bachand-Fleurent, Julien"]
[Result "0-1"]
[WhiteElo "2007"]
[BlackElo "2243"]
[PlyCount "64"]
[GameId "2160767910968022"]
[EventDate "2005.06.10"]
[EventType "swiss"]
[EventRounds "5"]
[EventCountry "CAN"]
[SourceTitle "EXT 2007"]
[Source "ChessBase"]
[SourceDate "2006.11.23"]
[SourceVersion "1"]
[SourceVersionDate "2006.11.23"]
[SourceQuality "1"]

1. e4 e6 2. d4 d5 3. e5 c5 4. c3 Nc6 5. Nf3 Bd7 6. dxc5 Bxc5 7. b4 Be7 8. Bd3 f6 9. Qe2 fxe5 10. b5 Na5 11. Nxe5 Nf6 12. O-O O-O 13. Re1 Bc5 14. Be3 Bxe3 15. Qxe3 Re8 16. Nd2 b6 17. g4 Qc7 18. g5 Ne4 19. Nxd7 Nxd2 20. Bxh7+ Kxh7 21. Ne5 Ne4 22. Qh3+ Kg8 23. f4 Qc5+ 24. Re3 Nc4 25. Rae1 Nxe5 26. fxe5 Nxg5 27. Qh5 Ne4 28. Kg2 Rf8 29. Qg6 Qe7 30. Kh1 Qf7 31. Qg2 Qf2 32. Qg6 Qf5 0-1

[Event "Quebec-ch sf"]
[Site "Montreal CAN"]
[Date "2005.06.12"]
[Round "5"]
[White "Sicotte, Marc"]
[Black "Bekteshi, Muhamet"]
[Result "1/2-1/2"]
[WhiteElo "2012"]
[BlackElo "2164"]
[PlyCount "35"]
[GameId "2160767910968023"]
[EventDate "2005.06.10"]
[EventType "swiss"]
[EventRounds "5"]
[EventCountry "CAN"]
[SourceTitle "EXT 2007"]
[Source "ChessBase"]
[SourceDate "2006.11.23"]
[SourceVersion "1"]
[SourceVersionDate "2006.11.23"]
[SourceQuality "1"]

1. e4 c5 2. Nf3 g6 3. c4 Bg7 4. d4 cxd4 5. Nxd4 Nc6 6. Be3 Nf6 7. Nc3 O-O 8. Be2 d6 9. O-O a6 10. Qd2 Ng4 11. Bxg4 Bxg4 12. f3 Bd7 13. Rac1 Rc8 14. b3 Qa5 15. Rfd1 Be6 16. Nxe6 fxe6 17. c5 Rcd8 18. Na4 1/2-1/2